Million, Billion or Trillion? Quiz Stats

Quiz Updated Jun 9, 2017

Challenge
Share
Tweet
Embed
Score 0/30 Timer 05:00
0 Plays Today
Fact M/B/T? % Correct
World population (People)
7.4
???
93.1%
Bill Gates' Net Worth ($US)
85
???
91%
GDP of the Marshall Islands ($US)
190
???
81.7%
2015 Revenue for Apple Inc. ($US)
215
???
81%
GDP of the United States ($US)
16.8
???
77.8%
One million million
1
???
67.6%
Greece's debt ($US)
336
???
63%
The Earth's circumference (meters)
40
???
60.7%
The Sun's circumference (meters)
1.4
???
59.4%
5-card poker hand combinations
2.6
???
59.3%
Bacteria on the surface of the human body
1
???
58.1%
Age of the Solar System (years)
5.6
???
58.1%
Items in the British Library
150
???
57.3%
Speed of light (m/s)
300
???
56%
Transistors on an Intel Core 2 Duo CPU
291
???
53.7%
Fact M/B/T? % Correct
Web pages indexed by Google
5.6
???
52.1%
Iran's annual oil production (barrels)
1.5
???
46.7%
Number of seconds in one year
31
???
45.9%
Red blood cells in the avg. human body
5
???
43.6%
Neurons in the human brain
100
???
43%
Bacteria in the human oral cavity
10
???
39%
Bytes in a Gigabyte
1
???
38.1%
Annual electricity consumption USA (kWh)
3.7
???
37%
Stars in the Milky Way galaxy
400
???
36.9%
Cataloged astronomical objects
998
???
35.5%
Avg. distance Pluto to the Sun (kilometers)
6
???
33.6%
Identified insect species in the world
1
???
30.4%
Base pairs in the human genome
3
???
27%
Known digits of Pi
5
???
26.3%
Litres in a cubic kilometer
1
???
16.3%

You're not logged in!

Compare scores with friends on all Sporcle quizzes.
Sign Up with Email
OR
Log In

You Might Also Like...

Show Comments

Extras

Top Quizzes Today


Score Distribution

Your Account Isn't Verified!

In order to create a playlist on Sporcle, you need to verify the email address you used during registration. Go to your Sporcle Settings to finish the process.